Statistics for NBA teams by Draft "bust"

Click here to take the quiz!

General Stats

  • This quiz has been taken 170 times
  • The average score is 19 of 25

Answer Stats

#Year Drafted:Position:Height:Number:Name:Team:% Correct
242002 / Round 1 / Pick: 6th OverallPoint Guard6 ft 2 in2,0Dajuan WagnerCleveland Cavaliers
99%
12013 / Round 1 / Pick: 1Power Forward6 ft 8 in13Anthony BennettCleveland Cavaliers
97%
62003 / Round 1 / Pick: 2nd OverallCenter7 ft 0 in13, 31, 99, 26Darko MiličićDetroit Pistons
88%
152002 / Round 1 / Pick:11th OverallPower Forward / Center6 ft 11 in1, 20, 9Jared JeffriesWashington Wizards
82%
42001 / Round 1 / Pick: 1Center6 ft 11 in5, 54, 38Kwame BrownWashington Wizards
82%
142011 / Round 1 / Pick: 6th OverallPower Forward / Center7 ft 0 in24Jan VeselyWashington Wizards
82%
51984 / Round 1 / Pick: 2nd OverallCenter7 ft 1 in30, 31Sam BowiePortland Trail Blazers
81%
121972 /Round 1 / Pick: 1st OverallCenter6 ft 11 in35LaRue MartinPortland Trail Blazers
81%
22007 / Round 1 / Pick: 1st OverallCenter7 ft 0 in52, 20Greg OdenPortland Trail Blazers
81%
211998 / Round 1 / Pick:1st OverallCenter7 ft 0 in34, 41Michael OlowokandiLos Angeles Clippers
80%
192000 / Round 1 / Pick: 3rd OverallSmall Forward / Power Forward6 ft 9 in21, 23, 3Darius MilesLos Angeles Clippers
80%
111989 / Round 1 / Pick: 2nd OverallPower Forward/ Small Forward6 ft 10 in35Danny FerryLos Angeles Clippers
80%
232002 / Round 1 / Pick: 2nd OverallPoint Guard6 ft 2 in22Jay WilliamsChicago Bulls
78%
32006 / Round 1 / Pick: 3rd OverallSmall Forward6 ft 8 in35, 6, 33Adam MorrisonCharlotte Bobcats / Hornets
77%
132001 / Round 1 / Pick: 4th OverallCenter7 ft 0 in2, 34, 52Eddy CurryChicago Bulls
76%
82009 / Round 1 / Pick: 2nd OverallCenter7 ft 3 in34Hasheem ThabeetMemphis Grizzlies
76%
221998 / Round 1 / Pick: 6th OverallPower Forward / Center6 ft 9 in54, 34, 32Robert TraylorDallas Mavericks
72%
72004 / Round 1 / Pick: 12th OverallCenter7 ft 1 in31Robert SwiftSeattle SuperSonics / Oklahoma City Thunder
70%
171977 / Round 1 / Pick: 1st OverallCenter6 ft 10 in54Kent BensonMilwaukee Bucks
68%
102008 / Round 1 / Pick 8th OverallShooting Guard / Small Forward6 ft 8 in11Joe AlexanderMilwaukee Bucks
68%
181993 / Round 1 / Pick: 2nd OverallCenter7 ft 6 in76, 45, 44Shawn BradleyPhiladelphia 76ers
65%
251989 / Round 1 / Pick: 1st OverallCenter6 ft 9 in42,43,29Pervis EllisonSacramento Kings
64%
161999 / Round 1 / Pick: 5th OverallPower Forward7 ft 0 in24Jonathan BenderToronto Raptors
63%
202005 / Round 1 / Pick: 11th OverallCenter6 ft 10 in17Fran VazquezOrlando Magic
63%
91996 / Round 1 / Pick: 11th OverallCenter6 ft 11 in52, 35Todd FullerGolden State Warriors
63%

Score Distribution

Percentile by Number Answered

Percent of People with Each Score

Your Score History

You have not taken this quiz